Personnages Pollux le manège enchanté - Statistiques

Statistiques générales
  • Ce quiz a été pris 37 fois
  • Le résultat moyen est 4 sur 11
Statistiques - réponses
Personnages Réponses % Correct
Chien Pollux
93%
Sorcier monté sur ressort (gentil) Zébulon
83%
Vache Azalée
63%
Maîtresse du chien Margote
53%
Escargot Ambroise
37%
Lapin Flappy
37%
Sorcier monté sur ressort (méchant) Zabadie
13%
Train Le Train
10%
Soldat en bois Sam
10%
Ami de la maîtresse du chien Basile
7%
Amie de la maîtresse du chien Coralie
7%
Aucun quiz correspondant
Distribution des résultats
% des personnes avec chaque résultat
Percentile par nombre de réponses
Votre historique - résultats
Vous n’avez pas pris ce quiz